Pays qui commencent par la lettre N - Statistiques

Statistiques générales
  • Ce quiz a été pris 1 238 fois
  • Le résultat moyen est 7 sur 8
Statistiques - réponses
Continent Pays % Correct
Afrique Niger
90%
Afrique Namibie
89%
Amérique Nicaragua
89%
Afrique Nigéria
89%
Europe Norvège
88%
Océanie Nouvelle-Zélande
88%
Asie Népal
83%
Océanie Nauru
68%
Aucun quiz correspondant
Distribution des résultats
% des personnes avec chaque résultat
Percentile par nombre de réponses
Votre historique - résultats
Vous n’avez pas pris ce quiz